Nông sinh học Di truyền học

Bewaard in:
Bibliografische gegevens
Hoofdauteur: L Lysenko
Formaat: Boek
Taal:Undetermined
Gepubliceerd in: Hà Nội KH 1962
Onderwerpen:
Tags: Voeg label toe
Geen labels, Wees de eerste die dit record labelt!
Thư viện lưu trữ: Trung tâm Học liệu Trường Đại học Cần Thơ
LEADER 00500nam a2200181Ia 4500
001 CTU_12106
008 210402s9999 xx 000 0 und d
082 |a 630.2575 
082 |b L993 
100 |a L Lysenko 
245 0 |a Nông sinh học 
245 0 |b Di truyền học 
245 0 |c L Lysenko; Dịch giả: Trịnh Bá Hữu 
260 |a Hà Nội 
260 |b KH 
260 |c 1962 
650 |a genetics,plants - genetics 
980 |a Trung tâm Học liệu Trường Đại học Cần Thơ